[Event "Mecklenburg VP-chC"]
[Site "Greifswald"]
[Date "2024.03.23"]
[Round "2"]
[White "Seegebrecht, Johann"]
[Black "Hartung, Kim"]
[Result "0-1"]
[WhiteElo "1104"]
[BlackElo "1584"]
[PlyCount "46"]
[EventDate "2024.03.23"]
[EventType "swiss"]
[EventRounds "7"]
[EventCountry "GER"]
[SourceTitle "CB14_2024"]
[SourceDate "2024.04.01"]
[SourceVersion "1"]
[SourceVersionDate "2024.04.01"]
[SourceQuality "1"]

1. e4 c6 2. d3 d5 3. Nf3 dxe4 4. Ng5 Nf6 5. Nc3 Bf5 6. dxe4 Qxd1+ 7. Nxd1 Nxe4 8. Bc4 Nxg5 9. Bxg5 h6 10. Bf4 Bxc2 11. Ne3 Bg6 12. Rd1 e6 13. Bc7 Bb4+ 14. Kf1 0-0 15. a3 Be7 16. Bd3 Bxd3+ 17. Rxd3 Na6 18. Bd6 Rfd8 19. Nc4 b5 20. Ne5 Rxd6 21. Rxd6 Bxd6 22. Nxc6 Rc8 23. Ke2 Rxc6 0-1